• 首页
  • 本馆介绍
  • 公告通知
  • 最新文献
  • 馆藏检索
  • 电子资源
  • 读者导购
  • 参考咨询
  • 我的图书馆
  • 登录
  • 详细信息显示
  • 放入我的书架
  • 预约/预借图书
  • 作者相关作品
  • 分类相关作品
  • 丛书相关作品
  • 出版社相关作品

书目信息

  • 表格格式
  • 工作单格式
  • 卡片格式
题名:
学校人力资源管理
    
 
作者: 郭继东
分册:  
出版信息: 天津   天津教育  2006
页数: 258页
开本: 20cm
丛书名: 教育经济与管理丛书
单 册:
中图分类: G472
科图分类:
主题词: 学校管理
电子资源:
ISBN: 7-5309-4543-2
000 00577nam0 2200205 450
001 0753865015
005 20070818145745.01
010    @a7-5309-4543-2@d¥42.00
100    @a20070818d km y0chiy0120 ea
101 0  @achi
200 1  @a学校人力资源管理@Axue xiao ren li zi yuan guan li@f郭继东@Fguo ji dong
210    @a天津@c天津教育@d2006
215    @a258页@d20cm
225 2  @a教育经济与管理丛书
410  0 @12001 @a教育经济与管理丛书
606 0  @a学校管理
690    @aG472@v3
701  0 @a郭继东@Aguo ji dong
801  0 @aCN@bPFT@c20070818
905    @a213230@dG472@ee255@f1
    
    学校人力资源管理/郭继东.-天津:天津教育,2006
    258页;20cm.-(教育经济与管理丛书)
    
    
    ISBN 7-5309-4543-2:¥42.00
    
●
相关链接 在E读中查询图书 在五车中查询图书 在当当中查询图书 在豆瓣中查询图书


正题名:学校人力资源管理     索取号:G472/e255         预约/预借

序号 登录号 条形码 馆藏地/架位号 状态 备注
1 6305924   263059246   教育系资料室/ [索取号:G472/e255] 在馆    
2 6305925   263059255   教育系资料室/ [索取号:G472/e255] 在馆    
3 6305926   263059266   教育系资料室/ [索取号:G472/e255] 在馆    
4 6305927   263059273   教育系资料室/ [索取号:G472/e255] 在馆    
5 6305928   263059282   教育系资料室/ [索取号:G472/e255] 在馆    
唐山师范学院图书馆 欢迎您!
大连网信软件有限公司© 版权所有